Hello, My Name Is...'P' Quiz Stats

 Plays Quiz Updated Jul 19, 2014

Support Sporcle.
Go Orange.
Score 0/20 Timer 04:00
2 Plays Today
% Correct
Prince
97%
Paris Hilton
93.2%
Pink
91.5%
Pamela Anderson
90.1%
Patrick Swayze
88%
Pierce Brosnan
86.2%
Paul Newman
79.8%
Penélope Cruz
79.6%
Peter O'Toole
72.5%
Phil Collins
66.4%
% Correct
Piers Morgan
61.3%
Pippa Middleton
58.3%
Patricia Heaton
58%
Penny Marshall
53.2%
Priscilla Presley
52.3%
Phyllis Diller
41.9%
Patti LaBelle
41.2%
Portia de Rossi
33.3%
Patsy Cline
31.5%
Piper Perabo
19.7%

You're not logged in!

Compare scores with friends on all Sporcle quizzes.
OR
Log In

From the Vault

Get Connected!: Gaming Sequences

by Purple_Parrot

This quiz is more like connect five.
Remove Ads.
Support Sporcle.
Get the best of Sporcle when you Go Orange. This ad-free experience offers more features, more stats, and more fun while also helping to support Sporcle. Thank you for becoming a member.

Show Comments

Extras

Top Quizzes Today


Score Distribution

Your Account Isn't Verified!

In order to create a playlist on Sporcle, you need to verify the email address you used during registration. Go to your Sporcle Settings to finish the process.

Report this User

Report this user for behavior that violates our Community Guidelines.

Details: